000 00304nam a2200121Ia 4500
008 191201s2009 xx 000 0 und d
100 _aSAHNI, Rahul
245 0 _aMicroprocessors and Interfacing
260 _aN. Delhi
_bIshan Publications
_c2009
300 _a416
650 _aB.Tech(CSE)
942 _2ddc
_cBK
999 _c125
_d125